000 01471cam a2200361 a 4500
001 EDZ0000083371
003 StDuBDS
005 20161031105207.0
006 m||||||||d||||||||
007 cr |||||||||||
008 120427s2011 enka fo| 001|0|eng|d
020 _a9781446250907 (ebook) :
_cNo price
040 _aStDuBDS
_beng
_cStDuBDS
_epn
049 _aAlfaisal Main Library
050 0 _aLB2806
_b.D28 2011
082 0 4 _a371.2
_223
100 1 _aDavies, Brent,
_d1949-
245 1 0 _aTalent management in education
_h[electronic resource] /
_cBrent Davies, Barbara Davies.
260 _aLondon :
_bSAGE,
_c2011.
300 _a1 online resource (xi, 188 p.) :
_bill.
520 8 _aBy focusing on talent management, and providing frameworks and explanations of key issues, this book details how to develop talented members of staff - a process that can ultimately help with building high performance schools and leadership depth.
521 _aSpecialized.
588 _aDescription based on print version record.
504 _aIncludes bibliographical references and index.
650 0 _aEducational leadership.
650 0 _aMentoring in education.
655 7 _aElectronic books.
_2local
700 1 _aDavies, Barbara J.
_q(Barbara Jane)
710 2 _aSage eBooks
776 0 8 _iPrint version :
_z9780857027375
856 4 0 _uhttp://ezproxy.alfaisal.edu/login?url=http://sk.sagepub.com/books/talent-management-in-education
942 _2lcc
_cEBOOKS
999 _c481384
_d481384